Complete These Movie Quotes - Statistics

General Stats
  • This quiz has been taken 94 times
  • The average score is 12 of 20
Answer Stats
Film Quote % Correct
Terminator 2: Judgement Day Hasta la {vista}, {baby}
96%
Gone With the Wind Frankly my dear, I don't {give} {a} {damn}
94%
Sudden Impact Go ahead, {make} {my} {day}
83%
Scarface Say 'hello' to my {little} {friend}!
83%
Moonstruck Snap out {of} {it}!
74%
Cool Hand Luke What we've got here is failure {to} {communicate}
73%
Dirty Harry You've got to ask yourself one question: 'Do I feel lucky?' Well, {do} {ya}, {punk}?
71%
Dog Day Afternoon Attica! {Attica}!
65%
The Jazz Singer Wait a minute, wait a minute. You ain't heard {nothin'} {yet}!
65%
Gone With the Wind After all, tomorrow {is} {another} {day}!
62%
Psycho A boy's best friend is {his} {mother}
55%
Bonnie and Clyde We rob {banks}
55%
The Silence of the Lambs A census taker once tried to test me. I ate his liver with some fava beans and {a} {nice} {Chianti}
51%
Planet of the Apes Get your stinking paws off me, you damned {dirty} {ape}
48%
She Done Him Wrong Why don't you come up sometime and {see} me?
46%
The Naughty Nineties Who's on {first}?
39%
In the Heat of the Night They call me Mister {Tibbs}!
38%
Now, Voyager Oh, Jerry, don't let's ask for the moon. We have {the} {stars}
36%
Funny Girl Hello, {gorgeous}
19%
The Treasure of the Sierra Madre Badges? We ain't got no badges! We don't need no badges! I don't have to show you {any} {stinking} {badges}!
13%
No matching quizzes found
Score Distribution
Percent of People with Each Score
Percentile by Number Answered
Your Score History
You have not taken this quiz